Countries with the Most Telephone Lines - Statistics

General Stats
  • This quiz has been taken 64 times
  • The average score is 8 of 10
Answer Stats
(million) Country % Correct
129.4 United States
96%
38.8 France
95%
33.2 United Kingdom
91%
249.4 China
87%
63.6 Japan
87%
39.4 Russia
87%
47.0 Germany
85%
44.1 Brazil
82%
29.6 Indonesia
64%
30.6 Iran
55%
No matching quizzes found
Score Distribution
Percent of People with Each Score
Percentile by Number Answered
Your Score History
You have not taken this quiz